000 00327nab a22001097u 4500
008 130520b1988 xxu||||| |||| 00| 0 spa d
041 _aspa
100 1 _aMagonet, J.
_967444
245 0 0 _aLa actitud ante Egipto en el libro del Éxodo
_cJ. Magonet
773 0 _tConcilium
_gV.2,1988,págs.355-366
_x0210-1041
_wRev134
942 _cAR
999 _c355421
_d355421